000 00370 a2200157 4500
001 73759
020 _a
040 _cAnchieta - Colégio São Paulo
100 _aFonseca, João Justiniano da
240 1 0 _aSoneto de amor e passatempo
_lpor
245 1 0 _aSoneto de amor e passatempo
300 _a114
362 0 _a1992
650 4 _aPoesia brasileira
942 _cBK
999 _c73759
_d73759